Artiste le plus célèbre par mouvements - Statistiques

Statistiques générales
  • Ce quiz a été pris 69 fois
  • Le résultat moyen est 8 sur 23
Statistiques - réponses
Mouvement Artiste le plus célèbre Autre Artiste Autre Artiste Autre Artiste Autre Artiste Autre Artiste Autre Artiste % Correct
Haute Renaissance (Cinquecento) Léonard de Vinci Michel Ange Raphaël Giovanni Bellini Giorgione Le Titien Albrecht Dürer
90%
Impressionisme Claude Monet Edgar Degas Auguste Renoir Camille Pissarro Alfred Sisley Mary Cassatt Berthe Morisot
85%
Cubisme Pablo Picasso Juan Gris Paul Cézanne Fernand Léger Ossip Zadkine Albert Gleizes Jean Metzinger
73%
Pop Art Andy Warhol Roy Lichtenstein Claus Oldenburg Keith Harring David Hockney Eduardo Paolozzi Richard Hamilton
64%
Surréalisme Salvador Dali Giorgio de Chirico René Magritte Joan Mirò Victor Brauner Max Ernst Man Ray
63%
Postimpressionisme Vincent Van Gogh Paul Cézanne Henri Toulouse-Lautrec Max Liebermann Gustave Caillebotte Isaac Israëls Medardo Rosso
56%
Néo-classicisme (Louis XVI/Napoléon) Jacques Louis David Jean Henri Reisner Jacques Louis Dominique Ingre Antonio Canova John Flaxman Angelica Kauffmann Pierre Paul Prud'hon
47%
Romantisme Eugène Delacroix Caspar David Friedrich Théodore Guéricault John Constable Johann Heinrich Füssli William Turner Jehan Duseigneur,
44%
Baroque Le Caravage Pierre Paul Rubens Diego Vélasquez Pierre de Cortone Le Bernin Johannes Vermeer Rembrandt
44%
Expressionisme Edvard Munch Vassily Kandinsky Egon Schiele Ernst Ludwig Kirchner Franz Marc Marie-Thérèse Auffray Francis Bacon
39%
Fauvisme Henri Matisse Robert Delaunay Raoul Dufy Georges Braque Jean Metzinger Jean Metzinger Jean Puy
39%
Réalisme Gustave Courbet Jean-François Millet Adolph von Menzel Edouard Manet Constantin Meunier Jean-Baptiste Camille Corot John Leech
36%
Classicisme (Louis XIV) Nicolas Poussin Puget Antoine Coysevox Charles Boulle Claude Lorrain François Girardon Hardouin Mansart
32%
Dada Marcel Duchamp Man Ray Francis Picabia Jean Arp Salvador Dali Max Ernst Hugo Ball
24%
Expressionisme abstrait Jackson Pollock Mark Rothko Willem de Kooning Lee Krasner Mary Abbott Norman Lewis Jasper Johns
20%
Rocaille (Louis XV) Jean Honoré Fragonard Francisco de Goya Antoine Watteau Elisabeth Vigée Lebrun François Boucher Charles Cressent Nicolas Pineau
15%
Pointillisme Paul Signac Georges Seurat Henri-Edmond Cross Albert Dubois-Pillet Henri Van de Velde Maximilien Luce Charles Angrand
14%
Nouveau Réalisme Yves Klein Arman César Baldaccini Raymond Hains Jean Tinguely Nikki de Saint Phalle Daniel Spoerri
8%
Renaissance (Trecento) Cimabue Giotto di Bondone Nicola Pisano Duccio di Buoninsegna Ambrogio Lorenzetti Andrea di Bonaiuto Niccolò di Pietro Gerini
7%
Maniérisme Le Parmesan Giuseppe Arcimboldo Jacopo Carucci Pontormo Rosso Fiorentino Primatice Bronzino Gheeraerts
3%
Nouvelle Objectivité Otto Dix George Grosz Rudolf Schlichter Alexander Kanoldt Christian Schad Felice Casorati Max Beckmann
3%
Futurisme Filippo Marinetti Umberto Boccioni Giacomo Balla Carlo Carrà Luigi Russolo Alfredo Gauro Ambrosi Antonio Saint’Elia
2%
Renaissance (Quatrocento) Masaccio Donatello Andrea Verrochio Domenico Ghirlandaio Filippo Brunelleschi Fra Angelico Sandro Botticelli
2%
Aucun quiz correspondant
Distribution des résultats
% des personnes avec chaque résultat
Percentile par nombre de réponses
Votre historique - résultats
Vous n’avez pas pris ce quiz